If I ran the rainforest: (Record no. 49390)
| 000 -LEADER | |
|---|---|
| fixed length control field | 00433nam a2200133 4500 |
| 020 ## - INTERNATIONAL STANDARD BOOK NUMBER | |
| International Standard Book Number | 9780008100964 |
| 100 ## - MAIN ENTRY--PERSONAL NAME | |
| Personal name | Worth, Bonnie |
| 245 ## - TITLE STATEMENT | |
| Title | If I ran the rainforest: |
| Remainder of title | all about tropical rainforests / |
| Statement of responsibility, etc | Bonnie Worth & Aristides Ruiz |
| 260 ## - PUBLICATION, DISTRIBUTION, ETC. (IMPRINT) | |
| Place of publication, distribution, etc | UK |
| Name of publisher, distributor, etc | HarperCollins Children's Books |
| Date of publication, distribution, etc | 2008 |
| 300 ## - PHYSICAL DESCRIPTION | |
| Extent | 45 p. |
| Other physical details | col. ill. |
| Dimensions | 23 cm. |
| 490 ## - SERIES STATEMENT | |
| Series statement | The Cat in the Hat's Learning Library |
| 650 ## - SUBJECT ADDED ENTRY--TOPICAL TERM | |
| Topical term or geographic name as entry element | Rainforest |
| 9 (RLIN) | 86589 |
| 942 ## - ADDED ENTRY ELEMENTS (KOHA) | |
| Source of classification or shelving scheme | |
| Koha item type | Book |
| Withdrawn status | Lost status | Source of classification or shelving scheme | Damaged status | Not for loan | Collection code | Home library | Current library | Shelving location | Date acquired | Total Checkouts | Full call number | Barcode | Date last seen | Date checked out | Price effective from | Koha item type |
|---|---|---|---|---|---|---|---|---|---|---|---|---|---|---|---|---|
| Non-Fiction | Asian Hope Early Years Library | Asian Hope Early Years Library | Easy Reading | 08/21/2025 | 2 | X 577.34 WOR | 207527 | 12/09/2025 | 12/02/2025 | 08/21/2025 | Book |